UM Logo

Salik na nakakaapekto sa pagtuto at ang akademikong pagganap ng mga mag-aaral na nasa distance learning program/ (Record no. 9981)

MARC details
000 -LEADER
fixed length control field 00675nam a22001697a 4500
008 - FIXED-LENGTH DATA ELEMENTS--GENERAL INFORMATION
fixed length control field 180724b ||||| |||| 00| 0 eng d
082 ## - DEWEY DECIMAL CLASSIFICATION NUMBER
Edition number 2017
Classification number UT 0935
Item number P39
100 ## - MAIN ENTRY--PERSONAL NAME
9 (RLIN) 29467
Personal name Pelonio, Roxanne D.
245 ## - TITLE STATEMENT
Title Salik na nakakaapekto sa pagtuto at ang akademikong pagganap ng mga mag-aaral na nasa distance learning program/
Statement of responsibility, etc. Roxanne D. Pelonio, Mande C. Gallardo and Nelia P. Aleser.
260 ## - PUBLICATION, DISTRIBUTION, ETC. (IMPRINT)
Place of publication, distribution, etc. Digos City:
Name of publisher, distributor, etc. UMDC
Date of publication, distribution, etc. November 2017.
300 ## - PHYSICAL DESCRIPTION
Extent 74 pages;
Other physical details 29.5 cm.
650 #0 - SUBJECT ADDED ENTRY--TOPICAL TERM
9 (RLIN) 29468
Topical term or geographic name as entry element Education.
Form subdivision Filipino
General subdivision Undergraduate thesis.
700 ## - ADDED ENTRY--PERSONAL NAME
9 (RLIN) 29469
Personal name Pelonio, Roxanne D.
700 ## - ADDED ENTRY--PERSONAL NAME
9 (RLIN) 29470
Personal name Gallardo, Mande C.
700 ## - ADDED ENTRY--PERSONAL NAME
9 (RLIN) 29471
Personal name Aleser, Nelia P.
942 ## - ADDED ENTRY ELEMENTS (KOHA)
Source of classification or shelving scheme Dewey Decimal Classification
Koha item type Undergraduate Thesis

No items available.